| 000 | 00491nam a2200181Ia 4500 | ||
|---|---|---|---|
| 005 | 20250508150650.0 | ||
| 008 | 008 250505s9999 xx 000 0 eng d | ||
| 037 | _aTextual | ||
| 040 |
_aFEDL _beng _cFEDL |
||
| 041 |
_aeng _2eng |
||
| 084 |
_a425, NES _qFEDL |
||
| 100 |
_aNesfield J C _968474 |
||
| 245 | 0 | _aIdiom and grammar | |
| 260 |
_aLondon, UK _bThe Macmillan and Company Limited _c1944 |
||
| 300 | _a224p. | ||
| 942 |
_cTEXL _h425, NES |
||
| 999 |
_c1324911 _d1324911 |
||